| 000 | 01172cam a2200241 4500 | ||
|---|---|---|---|
| 001 | ABS65043 | ||
| 008 | 020121n2001 000 0 eng u | ||
| 035 | _a(Sirsi) u116382 | ||
| 100 | _aMarks, J | ||
| 245 | _aCut the cables and fly | ||
| 260 | _c2001 | ||
| 490 |
_aEstates Gazette _v(0150) 15 December 2001, 75(1) |
||
| 520 | _aConsiders how wireless technologies will soon transform offices into more spacious, flexible and cost-effective workplaces. Looks at Bluetooth, a short-range radio technology that allows laptops and mobile phones to communicate at up to 1500ft without the need for wires. Considers how third-generation (3G) mobile wireless technology will enable a mobile workforce and have a significant impact on office spaces and the way business is conducted. Concludes that the wireless office will also change the traditional role of property developers. | ||
| 590 | _aABS | ||
| 650 | _aWIRELESS TECHNOLOGY | ||
| 650 | _aBROADBAND | ||
| 650 | _aMOBILE COMMUNICATIONS | ||
| 650 | _aBLUETOOTH | ||
| 650 | _aOFFICE SPACE | ||
| 650 | _aFLEXIBLE WORKSPACE | ||
| 690 | _aMANAGEMENT-BUSINESS MANAGEMENT-INFORMATION MANAGEMENT | ||
| 942 | _n0 | ||
| 999 |
_c69312 _d69312 |
||